000
00337 a2200157 4500
001
192774
020
_a
978-85-260-2279-9
040
_c
Magnum
100
_a
Lessa, Origenes
240
1
0
_a
A cabeça de Medusa
_l
por
245
1
0
_a
A cabeça de Medusa
300
_a
137
362
0
_a
2017
697
_a
LITERATURA JUVENIL
942
_c
BK
999
_c
192774
_d
192774